01383nam a2200337 a 4500001001000000003000500010005001700015008004100032010001100073011001100084040000900095090001000104100004000114245014800154260004100302500006000343502009100403590004100494590004000535590004000575650004100615650005300656650004800709650004500757856007000802901000700872942001000879942000600889999001900895952013100914000115041CHAP20220329144511.0180907s2017 mx a |sm |||||||spa d a111502 a112474 cCHAP aTesis1 aFigueroa García, Danitza.913544010aControl integrado in vitro de colletotrichum gloeosporioides causante de antracnosis en mandarinah[En línea]cpor Danitza Figueroa García. aChapingo, Méx. :bEl autor,c2017. aPara ver el contenido del material haga clic en la liga aTesis (Ing. Agr. Fitotecnista) -- Colegio Superior Agropecuario del Estado de Guerrero aBATCH-UPDb05c20180907lUCH01h1417 aE6339RRRb05c20180907lUCH01h1416 aE6339RRRb05c20180907lUCH01h142214aAntracnosis de la mandarina.913544114aColletotrichum gloeosporioidesxControl.913399014aExtractos vegetales como fungicida.912963914aTrichoderma spp. como fungicida.9133923 aFinding aiduhttp://10.13.5.2/tesis/sist115041.pdfzTeclea aquí aBK cTESIS n0 c111502d111502 00104054718TESISaBCbBCd2018-09-07fTESISl0oTesisp115050-10r2019-12-31 00:00:00w2019-12-31yTESISzRecien adquirido